000 01009nam a22003257a 4500
003 CHAP
005 20220817042132.0
008 971013s1981 r 00010 d
010 _a35711
011 _a36683
035 _a40802
040 _cCHAP
082 _a630.83
_bF35
110 _aFAO
245 _aCenso agropecuario mundial de 1970
_b: análisis y comparación internacional de los recursos
260 _aRoma :
_bFAO,
_c1981
300 _a302 p.
490 _aFAO. Estadística
_v; 37
590 _aBATCH-UPD
_b10
_c20130110
_lUCH01
_h1617
590 _aBATCH-UPD
_b10
_c20130410
_lUCH01
_h1012
590 _aBATCH-UPD
_b10
_c20130914
_lUCH01
_h0711
590 _aCONVERSION
_b10
_c20130109
_lUCH01
_h1320
650 1 4 _aAgricultura
_xEstadisticas.
_91417
650 1 4 _aBosques
_xEstadísticas.
_914136
650 1 4 _aGanado
_xEstadísticas.
_944913
830 0 _aFAO. Estadística
_v; 37
_939539
901 _aBK
942 _cLIBRO
949 _a630.83 F35
_bBC
_cFAO
_d-93238
_eFAO1
_h62846
_i40802
_mD
_si
999 _c35711
_d35711